000 00542nam a2200193Ia 4500
003 GCL
008 140319s9999 xx 000 0 ara d
020 _a9618940401
040 _aGCL /
_cGCL
082 0 4 _aط
_b813
_bرم
100 1 _aروز غريب
245 1 0 _aالاكواريوم /
_cروز غريب
260 _aبيروت :
_bدار الكتاب العالمى ،
_c1998
300 _a:
_bايض ؛
_c21 سم
650 0 4 _aالاطفال
650 0 4 _aقصص الاطفال
650 0 4 _aادب الاطفال
942 _2ddc
_cBK
999 _c9111
_d9111